Т. 60, № 6; Высокомолекулярные соединения. Серия А. Физика полимеров

Podrobná bibliografie
Parent link:Высокомолекулярные соединения. Серия А. Физика полимеров: научный журнал/ Российская академия наук (РАН). Т. 60, № 6.— , 2014-
Jazyk:ruština
Vydáno: 2018
On-line přístup:http://sciencejournals.ru/contents/vmsa/2018/vmsa6_18v60cont.pdf
https://elibrary.ru/contents.asp?id=36537261
Médium: MixedMaterials Elektronický zdroj Kniha
KOHA link:https://koha.lib.tpu.ru/cgi-bin/koha/opac-detail.pl?biblionumber=582896

MARC

LEADER 00000nam2a2200000 4500
001 582896
005 20231101130935.0
035 |a (RuTPU)RU\TPU\prd\283708 
035 |a RU\TPU\prd\281268 
090 |a 582896 
100 |a 20190408a19599999k y0rusy50 ca 
101 0 |a rus 
102 |a RU 
181 0 |a i  
182 0 |a b 
200 0 |a Т. 60, № 6  |b Электронный ресурс 
203 |a Текст  |c электронный 
210 |d 2018 
461 1 |0 (RuTPU)RU\TPU\prd\1444  |t Высокомолекулярные соединения. Серия А. Физика полимеров  |o научный журнал  |f Российская академия наук (РАН)  |v Т. 60, № 6  |d 2014- 
801 0 |a RU  |b 63413507  |c 20010227  |g PSBO 
801 1 |a RU  |b 63413507  |c 20170713 
801 2 |a RU  |b 63413507  |c 20221212  |g RCR 
856 4 0 |u http://sciencejournals.ru/contents/vmsa/2018/vmsa6_18v60cont.pdf 
856 4 0 |u https://elibrary.ru/contents.asp?id=36537261 
942 |c BK